Estadísticas para Países que Limitan con Irak

Haz click aquí para tomar la prueba!

Estadísticas generales

  • Esta prueba ha sido tomada 1.205 veces
  • La puntuación promedio es 6 de 6

Respuestas en el mapa

Las respuestas están codificadas por una escala verde-roja en el mapa de la prueba según el % correcto abajo.
Cargando...
 

Estadísticas de respuestas

País% Correcto
Irán
99%
Arabia Saudita
94%
Siria
94%
Jordania
91%
Turquía
88%
Kuwait
87%

Distribución de puntuación

Porcentaje por número respondido

Porcentaje de gente con cada puntuación

Historial de tus puntuaciones

No has tomado esta prueba